Euphoria Trivia - Statistics

General Stats
  • This quiz has been taken 641 times
  • The average score is 19 of 23
Answer Stats
Question Answer % Correct
Free-spirited new girl who catches Rue's attention Jules
100%
Rue's introverted friend Lexi
99%
Reserved girl with a dominatrix alter ego Kat
98%
Loyal and confident girl with an abusive boyfriend Maddy
98%
Sweet and insecure girl who betrays her bestfriend Cassie
97%
Calm drug dealer Fezco
96%
Rue's little sister Gia
93%
Toxic masculinity incarnate Nate
93%
Above's adopted younger brother Ashtray
91%
Fez's old dealer who was killed by a hammer Mouse
88%
What fake name did Nate use to talk to Jules on a dating app? Tyler
88%
What artist did Lexi dress up as for Halloween? Bob Ross
87%
Rue's NA sponsor Ali
85%
Airheaded junkie with big lips Faye
84%
Sport that Cassie is really good at Figure Skating
80%
What color is Rue's hoodie that used to belong to her dad? Maroon
80%
What sport does McKay play? Football
79%
Rue's favorite reality tv show Love Island
72%
What did Maddy want to be when she was young? Beauty Queen
64%
Former teacher who became a drug dealer Laurie
63%
Which One Direction members did Kat write fan fiction about? Harry & Louis
56%
What age did Jules begin to transition? 13
43%
What Labrinth song played in the first episode of the series? Formula
36%
No matching quizzes found
Score Distribution
Percent of People with Each Score
Percentile by Number Answered
Your Score History
You have not taken this quiz